01249nam a2200241Ia 4500008004100000020001500041050002000056100003600076245007600112250001800188260003400206300003600240336001000276337001400286338001200300504004200312505050000354650002000854650002900874700003500903700003300938700003600971120720t19931997mx a 000 0 spa d a9684441673 aNX440bS54 199710aSigal y Moiseev, Silvia eautor10aHistoria de la Cultura y del Artec / Silvia Sigal y Moiseev... [et.al] a4a. edición aMéxicob : Alhambrac, 1997 a264 páginasb : ilustraciones atexto asin medio avolumen aIncluye: bibliografía (pp. 245-248) aLa cultura antes de la historia Culturas al margen del desarrollo histórico occidental Culturas precolombinas Culturas mediterráneas Civilizaciones del metal Culturas de la antigüedad en Oriente Rusia Culturas de la antigüedad en Occidente El mundo cristiano y las grandes invasiones. El cristianismo El mundo musulmán La Edad Media El Renacimiento Culturas de la Reforma y de la Contrareforma Siglos XVI, XVII y XVIII en América Latina El mundo moderno. Culturas de la Ilustración14aARTE zHISTORIA24aCIVILIZACIÓNxHISTORIA aAlazraki, Pfeffer, Ritaeautor aMarcovich Gitlin, Evaeautor aEpelstein Rapaport, Rinaeautor